000 00637nam a2200217Ia 4500
003 GCL
008 140319s9999 xx 000 0 ara d
040 _aGCL /
_cGCL
082 0 4 _a346.04
_bا م
100 1 _aمصطفى مجدى هرجة
245 1 0 _aملحق الحيازة ومشكلاتها /
_cمصطفى مجدى هرجة
260 _a[S.N] :
_bدار المطبوعات الجامعية ،
_c1992
300 _a121 ص
490 _a
650 0 4 _aالقانون
650 0 4 _aالقانون المدنى
650 0 4 _aنزع الملكية
650 0 4 _aالحيازة
650 0 4 _aالملكية
942 _2ddc
_cBK
999 _c54712
_d54712